000 00908cam a22003013a 4500
001 19526
003 PGUSA
005 20140828083420.0
008 061011s2006||||xxu|||||s|||||000 1 eng d
040 _aPGUSA
_beng
042 _adc
050 4 _aPZ
100 1 _aRockwell, Carey
245 1 0 _aStand by for Mars!
_h[electronic resource] /
_cCarey Rockwell
260 _bProject Gutenberg,
_c2006
506 _aPublic domain in the USA.
516 _aElectronic text
653 _aAstronauts -- Juvenile fiction
653 _aScience fiction
653 _aInterplanetary voyages -- Juvenile fiction
653 _aMars (Planet) -- Juvenile fiction
653 _aCorbett, Tom (Fictitious character) -- Juvenile fiction
700 1 _aLey, Willy,
_d1906-1969
700 1 _aGlanzman, Louis
830 0 _aProject Gutenberg
_v19526
856 4 0 _uhttp://www.gutenberg.org/ebooks/19526
942 _cEB
999 _c248781
_d248781